| 000 | 01033nam0a22002531 4500 | ||
|---|---|---|---|
| 001 | rc\1018313 | ||
| 005 | 20041129102459.7 | ||
| 035 | _a(NLR Aleph) 006183254 | ||
| 090 |
_a6088142 _c6088142 |
||
| 100 | _a20041129d1981 u |0rusy50 ca | ||
| 101 | 0 | _arus | |
| 102 | _aRU | ||
| 105 | _aa ||||||||| | ||
| 200 | 1 |
_aМетодические указания и сборник иллюстраций по технологии ИМС _fМ-во связи СССР, Ташк. электротехн. ин-т связи. Каф. электрон. и квантовых приборов _g[Сост.: доц. Андреев И.С. и др.] |
|
| 210 |
_aТашкент _cБ. и. _d1981 |
||
| 215 |
_a65 с. _cил. _d15х21 |
||
| 320 | _aБиблиогр.: с. 64 | ||
| 702 | 1 |
_aАндреев _bИ. С. _4220 |
|
| 712 | 0 | 2 |
_aТашкентский электротехнический ин-т связи _3RU\NLR\AUTH\889932259 |
| 801 | 0 |
_aRU _bNLR _gpsbo |
|
| 801 | 1 |
_aRU _bELAR _2rusmarc |
|
| 852 |
_aNLR _j82-4/22872 |
||
| 942 | _cBOOK | ||
| 980 | _aNB | ||